000 00267nam a2200097Ia 4500
001 690637
005 20250826161820.0
008 250824s9999 xx 000 0 und d
245 0 _aTARİHİN SONUNDAN BARIŞIN SONUNA
_cDENİZ ÜLKE ARIBOĞAN
260 _bTİMAŞ YAYINLARI
999 _c690637
_d690637